| 000 | 00528nam a2200217Ia 4500 | ||
|---|---|---|---|
| 003 | OSt | ||
| 005 | 20221005133526.0 | ||
| 006 | a|||||r|||| 00| 0 | ||
| 007 | ta | ||
| 008 | 221004b |||||||| |||| 00| 0 tam d | ||
| 024 | _a50223 | ||
| 037 | _cTextual | ||
| 040 |
_aCRL _cCRL _btam |
||
| 041 |
_2tam _atam |
||
| 082 | _aO31,3N34x, L7 | ||
| 100 | _aJayakanthan | ||
| 245 | 0 | _aYuka sandhi | |
| 650 | _aTAMIL LITERATURE | ||
| 942 |
_hO31,3N34x, L7 _cTEXL _2cc |
||
| 999 |
_c1067095 _d1067095 |
||